Central Library OPAC University of Rajshahi

Islam - our choice / (Record no. 32190)

MARC details
000 -LEADER
fixed length control field 00665cam a2200241 4500
001 - CONTROL NUMBER
control field 32190
003 - CONTROL NUMBER IDENTIFIER
rucl marc code BD-RjUL
005 - DATE AND TIME OF LATEST TRANSACTION
control field 20211209051812.0
008 - FIXED-LENGTH DATA ELEMENTS--GENERAL INFORMATION
fixed length control field 140424s1976 pk 000 0ceng
035 ## - SYSTEM CONTROL NUMBER
System control number (BD-RjUL)32279
040 ## - CATALOGING SOURCE
Original cataloging agency DLC
Transcribing agency DLC
Modifying agency DLC
-- BD-RjUL
Language of cataloging eng
041 ## - LANGUAGE CODE
Language code of text/sound track or separate title eng
082 00 - DEWEY DECIMAL CLASSIFICATION NUMBER
Classification number 297.42
Author mark and year ISL 1976
245 00 - TITLE STATEMENT
Title Islam - our choice /
Statement of responsibility, etc. by Begum Aisha Bawany Waqf.
250 ## - EDITION STATEMENT
Edition statement 6th (abridged) ed.
260 ## - PUBLICATION, DISTRIBUTION, ETC. (IMPRINT)
Place of publication, distribution, etc. Karachi :
Name of publisher, distributor, etc. Begum Aisha Bawany Waqf,
Date of publication, distribution, etc. 1976.
300 ## - PHYSICAL DESCRIPTION
Pagination viii, 124 p. ;
Size 18 cm.
490 0# - SERIES STATEMENT
Series statement Free series
Volume/sequential designation no. 2
650 #0 - SUBJECT ADDED ENTRY--TOPICAL TERM
Topical term or geographic name as entry element Muslim converts.
9 (RLIN) 97965
942 ## - ADDED ENTRY ELEMENTS (KOHA)
Source of classification or shelving scheme Dewey Decimal Classification
Koha item type Books
Holdings
Lost status Source of classification or shelving scheme Damaged status Not for loan Collection code Permanent Location Current Location Shelving location Date acquired Source of acquisition Total Checkouts Full call number Date last seen Copy number Koha item type Cost, normal purchase price
  Dewey Decimal Classification     Non-fiction Central Library, University of Rajshahi Central Library, University of Rajshahi   22/08/1977 Aisha Bawany Foundation, Karachi   297.42 ISL 1976 24/04/2014 C-3 Books  
  Dewey Decimal Classification   Not For Loan Non-fiction Central Library, University of Rajshahi Central Library, University of Rajshahi Reading Room 13/04/1967 Asia Foundation   297.42 ISL 1961 27/04/2014 C-1 Books  
  Dewey Decimal Classification     Non-fiction Central Library, University of Rajshahi Central Library, University of Rajshahi   22/08/1977 Aisha Begume Foundation Karachi   297.42 ISL 1976 15/05/2014 C-2 Books 0.00
  Dewey Decimal Classification     Non-fiction Central Library, University of Rajshahi Central Library, University of Rajshahi   22/08/1977 Aisha Begume Foundation Karachi   297.42 ISL 1976 15/05/2014 C-4 Books 0.00
  Dewey Decimal Classification     Non-fiction Central Library, University of Rajshahi Central Library, University of Rajshahi   22/08/1977 Aisha Begume Foundation Karachi   297.42 ISL 1976 15/05/2014 C-5 Books 0.00
  Dewey Decimal Classification     Non-fiction Central Library, University of Rajshahi Central Library, University of Rajshahi   22/08/1977 Aisha Begume Foundation Karachi   297.42 ISL 1976 15/05/2014 C-6 Books 0.00
  Dewey Decimal Classification     Non-fiction Central Library, University of Rajshahi Central Library, University of Rajshahi   22/08/1977 Aisha Begume Foundation Karachi   297.42 ISL 1976 15/05/2014 C-7 Books 0.00
  Dewey Decimal Classification     Non-fiction Central Library, University of Rajshahi Central Library, University of Rajshahi   22/08/1977 Aisha Begume Foundation Karachi   297.42 ISL 1976 15/05/2014 C-8 Books 0.00
  Dewey Decimal Classification     Non-fiction Central Library, University of Rajshahi Central Library, University of Rajshahi   22/08/1977 Aisha Begume Foundation Karachi   297.42 ISL 1976 15/05/2014 C-9 Books 0.00
  Dewey Decimal Classification     Non-fiction Central Library, University of Rajshahi Central Library, University of Rajshahi   22/08/1977 Aisha Begume Foundation Karachi   297.42 ISL 1976 15/05/2014 C-10 Books 0.00
  Dewey Decimal Classification     Non-fiction Central Library, University of Rajshahi Central Library, University of Rajshahi   22/08/1977 Aisha Begume Foundation Karachi   297.42 ISL 1976 09/05/2019 C-11 Books  
  Dewey Decimal Classification     Non-fiction Central Library, University of Rajshahi Central Library, University of Rajshahi   22/08/1977 Aisha Begume Foundation Karachi   297.42 ISL 1976 09/05/2019 C-12 Books  
  Dewey Decimal Classification     Non-fiction Central Library, University of Rajshahi Central Library, University of Rajshahi   22/08/1977 Aisha Begume Foundation Karachi   297.42 ISL 1976 09/05/2019 C-13 Books  
  Dewey Decimal Classification     Non-fiction Central Library, University of Rajshahi Central Library, University of Rajshahi   22/08/1977 Aisha Begume Foundation Karachi   297.42 ISL 1976 09/05/2019 C-14 Books